LEADER 01989nam a2200385 a 4500 001 000000123678 003 CaOOAMICUS 005 20141203134518.0 008 101110m20109999vc hfo u000 u ita r 020 $a978-88-85042-66-7 (v. 1) 020 $a978-88-85042-96-4 (v. 2) 040 $aPUL$bita 082 04$a274 245 03$aI "fogli di udienza" del cardinale Eugenio Pacelli segretario di Stato /$ca cura di Sergio Pagano, Marchel Chappin, Giovanni Coco. 260 $aCittą del Vaticano :$bArchivio Segreto Vaticano,$c2010- 300 $av. :$bfacsim, fotogr., tav. ;$c25 cm. 490 1 $aCollectanea Archivi Vaticani ;$v72, 95 500 $aInclude bibliografia e indici. 505 1 $av. 1. 1930. -- v. 2. 1931 / a cura di Giovanni Coco, Alejandro Mario Dieguez. 600 04$aPius PP.$bXII,$d1876-1958$xPensiero politico e sociale.$0(OLS)http://pul/subject/9961 700 1 $aPagano, Sergio.$0(OLS)http://pul/name/72966 700 1 $aChappin, Marcel,$cS.I.$0(OLS)http://pul/name/13172 700 1 $aCoco, Giovanni.$0(OLS)http://pul/name/77946 700 1 $aDieguez, Alejandro M.$0(OLS)http://pul/name/86582 830 0$aCollectanea Archivi Vaticani ;$v72, 95.$0(OLS)http://pul/title/7017 850 $aPUL 852 $aPUL$W1$xSL Religione 3$y85$m274 PAGSE 1$j142428$av. 1$qDDC 21$B141384$CPULBib$Z2$F141384 $H114958 $82 852 $aPUL$W1$xSL Religione 3$y85$m274 PAGSE 1.2$j162522$av. 2$qDDC 21$B162105$CPULBib$Z2$F162105 $H125033 $82 941 1 $a9 996 $6020$a978-88-85042-66-7 (v. 1)$9(OLS)http://pul/number/145857 996 $6020$a978-88-85042-96-4 (v. 2)$9(OLS)http://pul/number/156420 996 $6082$a274$9(OLS)http://pul/classification/1742 996 $6245$aI "fogli di udienza" del cardinale Eugenio Pacelli segretario di Stato$9(OLS)http://pul/title/155888 996 $6260$aCittą del Vaticano :$bArchivio Segreto Vaticano$9(OLS)http://pul/publisher/57266 LEADER 01453nam a2200313 a 4500 001 000000173712 003 CaOOAMICUS 005 20200923133414.0 008 200818s2019 it u000 u ita r 020 $z978-88-921-1139-4* 032 $aLibriCat 040 $aPUL$bita 100 1 $aBettetini, Andrea,$d1963-$0(OLS)http://pul/name/35127 245 10$aIustitia et fides : $bstudi di diritto canonico processuale e matrimoniale / $cAndrea Bettetini. 260 $aTorino :$bGiappichelli,$c©2019. 300 $aXV, 216 p. ;$c23 cm 490 1 $aCollana di studi di diritto canonico ed ecclesiastico.$aSezione canonistica ;$v48 500 $aContiene indici. 504 $aBibliografia in nota. 650 4$aDiritto processuale canonico.$0(OLS)http://pul/subject/29586 830 0$aCollana di studi di diritto canonico ed ecclesiastico.$pSezione canonistica ;$v48.$0(OLS)http://pul/title/11570 850 $aPUL 852 $aPUL$W1$xSL Diritto Canonico 3$y77$m262. 99 CAN.7 1.1.48$j197670$qDDC 21$B202500$CPULBib$Z2$F202500 $H134342 $82 941 1 $a9 960 $aDiritto canonico processuale$929586 996 $6020$z978-88-921-1139-4*$9(OLS)http://pul/number/167662 996 $6245$aIustitia et fides : $bstudi di diritto canonico processuale e matrimoniale / $9(OLS)http://pul/title/214899 996 $6260$aTorino :$bGiappichelli$9(OLS)http://pul/publisher/48244